首位都市との人口差から都道府県当て - Statistics

General Stats
  • This quiz has been taken 459 times
  • The average score is 18 of 47
Answer Stats
1位2位都市人口差(人) 都道府県名 % Correct
2,239,229 神奈川県
97%
1,926,251 大阪府
93%
1,909,846 愛知県
91%
1,644,089 北海道
89%
1,284,093 京都府
84%
994,657 兵庫県
79%
956,553 宮城県
78%
739,824 広島県
74%
729,751 埼玉県
72%
673,363 福岡県
66%
615,798 熊本県
62%
522,339 新潟県
60%
469,993 鹿児島県
55%
5,239 福島県
53%
360,293 大分県
40%
332,044 千葉県
39%
359,520 愛媛県
38%
352,091 栃木県
36%
352,846 石川県
34%
29,029 茨城県
32%
40,824 群馬県
28%
97,329 静岡県
27%
41,148 鳥取県
27%
30,887 三重県
27%
307,983 香川県
25%
30,841 島根県
25%
61,085 山口県
24%
279,881 高知県
23%
250,099 岡山県
23%
51,777 青森県
23%
286,859 和歌山県
22%
247,545 富山県
19%
244,271 岐阜県
18%
114,278 山梨県
17%
240,699 宮崎県
16%
131,615 長野県
16%
222,117 秋田県
15%
176,794 岩手県
15%
233,708 奈良県
14%
125,243 山形県
14%
165,895 長崎県
13%
201,157 滋賀県
12%
173,847 福井県
12%
115,928 佐賀県
12%
191,056 東京都
10%
182,921 徳島県
10%
174,873 沖縄県
9%
No matching quizzes found
Score Distribution
Percent of People with Each Score
Percentile by Number Answered
Your Score History
You have not taken this quiz